000 01190cam a2200349 a 4500
003 CHAP
005 20220817043803.0
008 010809d1992 us 00 eng d
010 _a84410
011 _a85382
020 _a1850703817
035 _a95915
040 _cCHAP
082 0 0 _a614.5824
_bY6
100 0 0 _aYoung, M. D.
_9123221
245 0 0 _aSustainable investment and resource use :
_bequity, environmental integrity and economic efficiency
_c/by M.D. Young
260 _aNew York :
_bThe Parthenon publishing group,
_c1992.
300 _a176 p.
490 0 _aMan and the biosphere series
_v; 9
590 _aBATCH-UPD
_b10
_c20130110
_lUCH01
_h0541
590 _aBATCH-UPD
_b10
_c20130410
_lUCH01
_h0221
590 _aBATCH-UPD
_b10
_c20130914
_lUCH01
_h1159
590 _aCONVERSION
_b10
_c20130109
_lUCH01
_h1347
650 1 4 _aDesarrollo sustentable.
650 1 4 _aPolítica ambiental.
_990422
650 1 4 _aRecursos naturales
_xUtilización.
_995321
830 0 0 _aMan and the biosphere series
_v; 9
_970261
901 _aBK
905 _aLilia Sánchez G.
942 _cLIBRO
949 _a614.5824 Y6
_bBC
_cLIBRO
_d33724000839395
_eLIBRO
_h100899
_i95915
_kI.212039
_si
_t$872.00
999 _c84410
_d84410